| 000 | 01201pam a2200361 i 4500 | ||
|---|---|---|---|
| 999 |
_c28832 _d28803 |
||
| 001 | 409203 | ||
| 003 | EG-ScBUE | ||
| 005 | 20200926121941.0 | ||
| 008 | 800228t1980 nyua f b 001 0 eng d | ||
| 020 | _a0202320103 | ||
| 020 | _a0202320111 (pbk.) | ||
| 040 |
_aDLC _beng _erda _cDLC _dDLC _dEG-ScBUE |
||
| 043 | _an-us--- | ||
| 082 | 0 | 4 |
_a363.50973 _bHOU _222 |
| 245 | 1 | 0 |
_aHousing urban America / _cedited by Jon Pynoos, Robert Schafer, Chester W. Hartman. |
| 250 |
_aSecond edition, _bupdated edition. |
||
| 264 | 1 |
_aNew York : _bAldine Publishing Company, _c[1980] |
|
| 264 | 4 | _cc1980 | |
| 300 |
_axiv, 670 pages : _billustrations ; _c24 cm |
||
| 336 |
_2rdacontent _atext _btxt |
||
| 337 |
_2rdamedia _aunmediated _bn |
||
| 338 |
_2rdacarrier _avolume _bnc |
||
| 504 | _aIncludes bibliographical references and index. | ||
| 650 | 7 |
_aHousing _zUnited States. _2BUEsh |
|
| 650 | 7 |
_aMetropolitan areas _zUnited States. _2BUEsh |
|
| 653 |
_bGGEN _cSeptember2020 |
||
| 655 |
_vReading book _934232 |
||
| 700 | 1 |
_aPynoos, Jon, _eeditor. |
|
| 700 | 1 |
_aSchafer, Robert _eeditor. |
|
| 700 | 1 |
_aHartman, Chester W., _eeditor. |
|
| 906 |
_a7 _bcbc _corignew _d1 _eocip _f19 _gy-gencatlg |
||
| 942 |
_2ddc _cBB |
||